[Event "BLR Cup"]
[Site "Minsk BLR"]
[Date "2005.05.29"]
[Round "13"]
[White "Ginzburg, Mikhail"]
[Black "Samsonkin, Artiom"]
[Result "1/2-1/2"]
[WhiteElo "2329"]
[BlackElo "2421"]
[PlyCount "30"]
[EventDate "2005.05.21"]
[EventType "tourn"]
[EventRounds "15"]
[EventCountry "BLR"]
[EventCategory "2"]
[Source "Mark Crowther"]
[SourceDate "2005.07.04"]

1. e4 d5 2. exd5 Nf6 3. d4 Nxd5 4. Nf3 Bg4 5. Be2 e6 6. O-O Nc6 7. c3 Qd7 8.
Nbd2 Nf4 9. h3 Nxe2+ 10. Qxe2 Bh5 11. Qb5 Bxf3 12. Nxf3 O-O-O 13. Bf4 h6 14. a4
Bd6 15. Bxd6 cxd6 1/2-1/2

[Event "BLR Cup"]
[Site "Minsk BLR"]
[Date "2005.05.29"]
[Round "13"]
[White "Samsonkin, Artiom"]
[Black "Chadaev, Nikolay"]
[Result "1/2-1/2"]
[WhiteElo "2421"]
[BlackElo "2434"]
[PlyCount "65"]
[EventDate "2005.05.21"]
[EventType "tourn"]
[EventRounds "15"]
[EventCountry "BLR"]
[EventCategory "2"]
[Source "Mark Crowther"]
[SourceDate "2005.07.04"]

1. e4 g6 2. d4 Bg7 3. Nc3 d6 4. f4 Nf6 5. Nf3 c5 6. Bb5+ Bd7 7. e5 Ng4 8. Bxd7+
Qxd7 9. d5 dxe5 10. h3 e4 11. Nxe4 Nf6 12. Nxf6+ Bxf6 13. O-O O-O 14. c4 Na6
15. Qe2 e6 16. Ne5 Qd6 17. dxe6 Qxe6 18. Bd2 Nb4 19. Bc3 Nc6 20. Rae1 Nxe5 21.
fxe5 Bg7 22. Qe4 b6 23. Rd1 Rae8 24. Rfe1 Re7 25. Rd5 Rfe8 26. Qd3 Qc8 27. Rd6
Qb7 28. Rd8 Qc7 29. Rxe8+ Rxe8 30. Qd5 Rd8 31. Qe4 Qe7 32. Qc6 Qd7 33. Qe4
1/2-1/2

[Event "Chernigov"]
[Site "Chernigov UKR"]
[Date "2005.01.22"]
[Round "1"]
[White "Samsonkin, Artiom"]
[Black "Chokhonelidze, Giorgi"]
[Result "1-0"]
[WhiteElo "2251"]
[BlackElo "2300"]
[PlyCount "49"]
[EventDate "2005.01.22"]
[EventType "tourn"]
[EventRounds "15"]
[EventCountry "UKR"]
[EventCategory "3"]
[Source "Mark Crowther"]
[SourceDate "2005.01.31"]

1. e4 c5 2. Nf3 e6 3. d4 cxd4 4. Nxd4 Nf6 5. Nc3 Nc6 6. Ndb5 Bb4 7. a3 Bxc3+ 8.
Nxc3 d5 9. exd5 exd5 10. Bd3 O-O 11. O-O d4 12. Ne2 h6 13. Bf4 Nd5 14. Bg3 h5
15. Nf4 Bg4 16. Qc1 h4 17. Bxh4 Qxh4 18. Nxd5 Rad8 19. Nf4 Ne5 20. Be4 g5 21.
Nd3 Be2 22. Nxe5 Bxf1 23. Kxf1 Qxe4 24. Qxg5+ Kh8 25. Nxf7+ 1-0

[Event "Chernigov"]
[Site "Chernigov UKR"]
[Date "2005.01.23"]
[Round "2"]
[White "Potebnya, V."]
[Black "Samsonkin, Artiom"]
[Result "0-1"]
[WhiteElo "2225"]
[BlackElo "2251"]
[PlyCount "48"]
[EventDate "2005.01.22"]
[EventType "tourn"]
[EventRounds "15"]
[EventCountry "UKR"]
[EventCategory "3"]
[Source "Mark Crowther"]
[SourceDate "2005.01.31"]

1. e4 c5 2. Nf3 d6 3. d4 cxd4 4. Nxd4 Nf6 5. Nc3 a6 6. Bg5 e6 7. f4 Qb6 8. Qd2
Qxb2 9. Rb1 Qa3 10. e5 dxe5 11. fxe5 Nfd7 12. Be2 Bb4 13. Rb3 Qa5 14. O-O Bc5
15. Kh1 Nxe5 16. Nf3 Nxf3 17. Bxf3 O-O 18. Bxb7 Bxb7 19. Rxb7 Bb4 20. Rf3 Nc6
21. Rg3 Ne5 22. Bf6 Ng6 23. Bxg7 Rfd8 24. Qh6 Bxc3 0-1

[Event "Chernigov"]
[Site "Chernigov UKR"]
[Date "2005.01.24"]
[Round "3"]
[White "Samsonkin, Artiom"]
[Black "Dolzhikova, Olga"]
[Result "1-0"]
[WhiteElo "2251"]
[BlackElo "2257"]
[PlyCount "69"]
[EventDate "2005.01.22"]
[EventType "tourn"]
[EventRounds "15"]
[EventCountry "UKR"]
[EventCategory "3"]
[Source "Mark Crowther"]
[SourceDate "2005.01.31"]

1. e4 Nf6 2. e5 Nd5 3. d4 d6 4. Nf3 g6 5. Bc4 c6 6. O-O Bg7 7. Re1 O-O 8. Bb3
Bg4 9. h3 Bxf3 10. Qxf3 Nb6 11. Bf4 d5 12. Nd2 f6 13. Qe2 f5 14. Nf3 e6 15. a4
h6 16. a5 Nc8 17. Bd2 Na6 18. c4 Qe8 19. cxd5 cxd5 20. Ba4 Qf7 21. b4 g5 22. b5
Nc7 23. Rec1 g4 24. hxg4 fxg4 25. Nh4 h5 26. Ng6 Qxg6 27. Rxc7 b6 28. Bb4 Rf4
29. Rac1 Qe8 30. Rb7 Rxd4 31. Rcc7 Bh6 32. Rh7 Rxb4 33. Rxh6 Rxa4 34. Qe3 Ra1+
35. Kh2 1-0

[Event "Chernigov"]
[Site "Chernigov UKR"]
[Date "2005.01.25"]
[Round "4"]
[White "Mihajlovskij, Sergei"]
[Black "Samsonkin, Artiom"]
[Result "1/2-1/2"]
[WhiteElo "2411"]
[BlackElo "2251"]
[PlyCount "29"]
[EventDate "2005.01.22"]
[EventType "tourn"]
[EventRounds "15"]
[EventCountry "UKR"]
[EventCategory "3"]
[Source "Mark Crowther"]
[SourceDate "2005.01.31"]

1. d4 Nf6 2. c4 g6 3. Nc3 Bg7 4. e4 d6 5. Nf3 O-O 6. Be2 e5 7. O-O Nbd7 8. Be3
c6 9. d5 c5 10. g3 b6 11. Nh4 Qc7 12. Nb5 Qb8 13. Nc3 Qc7 14. Nb5 Qb8 15. Nc3
1/2-1/2

[Event "Chernigov"]
[Site "Chernigov UKR"]
[Date "2005.01.26"]
[Round "5"]
[White "Samsonkin, Artiom"]
[Black "Tuka, Oleg"]
[Result "1-0"]
[WhiteElo "2251"]
[BlackElo "2297"]
[PlyCount "73"]
[EventDate "2005.01.22"]
[EventType "tourn"]
[EventRounds "15"]
[EventCountry "UKR"]
[EventCategory "3"]
[Source "Mark Crowther"]
[SourceDate "2005.01.31"]

1. e4 c5 2. Nf3 Nc6 3. d4 cxd4 4. Nxd4 Nf6 5. Nc3 e5 6. Ndb5 d6 7. Bg5 a6 8.
Na3 b5 9. Nd5 Be7 10. Bxf6 Bxf6 11. c3 O-O 12. Nc2 Bg5 13. a4 bxa4 14. Rxa4 a5
15. Bc4 Rb8 16. b3 Kh8 17. O-O g6 18. b4 axb4 19. cxb4 f5 20. exf5 Bxf5 21. b5
Na5 22. Bd3 Nb3 23. Bxf5 gxf5 24. Ra7 Qe8 25. b6 Qg6 26. f4 Bd8 27. Rf3 Bxb6+
28. Nxb6 Rxb6 29. Rg3 Qh6 30. Ne3 Nd4 31. fxe5 dxe5 32. Rh3 Qg6 33. Nc4 Re6 34.
Nxe5 Rxe5 35. Qxd4 Rfe8 36. Re3 Qf6 37. Ra5 1-0

[Event "Chernigov"]
[Site "Chernigov UKR"]
[Date "2005.01.27"]
[Round "7"]
[White "Samsonkin, Artiom"]
[Black "Tihonov, Jurij"]
[Result "1-0"]
[WhiteElo "2251"]
[BlackElo "2454"]
[PlyCount "83"]
[EventDate "2005.01.22"]
[EventType "tourn"]
[EventRounds "15"]
[EventCountry "UKR"]
[EventCategory "3"]
[Source "Mark Crowther"]
[SourceDate "2005.02.07"]

1. e4 c5 2. Nf3 d6 3. d4 cxd4 4. Nxd4 Nf6 5. Nc3 a6 6. f3 Qb6 7. g4 Nc6 8. Nb3
e6 9. Qe2 Qc7 10. Be3 b5 11. O-O-O h6 12. h4 Na5 13. Nxa5 Qxa5 14. Qf2 Nd7 15.
Kb1 b4 16. Ne2 Bb7 17. Nf4 Be7 18. Bd3 Rc8 19. g5 Ne5 20. g6 O-O 21. gxf7+ Rxf7
22. Nxe6 b3 23. axb3 Nxd3 24. cxd3 Qb4 25. Rhg1 Qxb3 26. Nd4 Qa4 27. Rc1 Rxc1+
28. Rxc1 Bf6 29. Nf5 Qb5 30. Qd2 Rd7 31. Rg1 Kh7 32. Bxh6 Qxb2+ 33. Qxb2 Bxb2
34. Kxb2 gxh6 35. Kc3 Bc6 36. Ra1 Bb5 37. Nd4 Rc7+ 38. Kd2 Kg6 39. f4 Kh5 40.
Rg1 Rb7 41. Nf5 Bd7 42. Rg7 1-0

[Event "Chernigov"]
[Site "Chernigov UKR"]
[Date "2005.01.28"]
[Round "8"]
[White "Eschenko, Vadim"]
[Black "Samsonkin, Artiom"]
[Result "1-0"]
[WhiteElo "2438"]
[BlackElo "2251"]
[PlyCount "41"]
[EventDate "2005.01.22"]
[EventType "tourn"]
[EventRounds "15"]
[EventCountry "UKR"]
[EventCategory "3"]
[Source "Mark Crowther"]
[SourceDate "2005.02.07"]

1. e4 c5 2. c3 Nf6 3. e5 Nd5 4. d4 cxd4 5. Nf3 Nc6 6. Bc4 Nb6 7. Bb3 d5 8. exd6
Qxd6 9. O-O Be6 10. Na3 dxc3 11. Qe2 Bxb3 12. Nb5 Qb8 13. axb3 e5 14. bxc3 Be7
15. Bg5 f6 16. Be3 Nd5 17. Nh4 Nxe3 18. Qh5+ Kf8 19. fxe3 Kg8 20. Nf5 Bf8 21.
Nh6+ 1-0

[Event "Chernigov"]
[Site "Chernigov UKR"]
[Date "2005.01.29"]
[Round "9"]
[White "Samsonkin, Artiom"]
[Black "Fiodorov, Mikhail"]
[Result "1-0"]
[WhiteElo "2251"]
[BlackElo "2185"]
[PlyCount "89"]
[EventDate "2005.01.22"]
[EventType "tourn"]
[EventRounds "15"]
[EventCountry "UKR"]
[EventCategory "3"]
[Source "Mark Crowther"]
[SourceDate "2005.02.07"]

1. e4 c5 2. Nf3 g6 3. d4 Bg7 4. Nc3 cxd4 5. Nxd4 Nc6 6. Be3 Nf6 7. Bc4 Qa5 8.
O-O O-O 9. Bb3 d6 10. Nd5 Qd8 11. Nxf6+ Bxf6 12. c3 Bd7 13. f4 e5 14. Nxc6 Bxc6
15. Qf3 Bg7 16. Rad1 Qc7 17. f5 Bb5 18. Rf2 Bc4 19. f6 Bh8 20. Rfd2 Rfd8 21.
Bxc4 Qxc4 22. Rxd6 Rxd6 23. Rxd6 Qxa2 24. Qd1 h5 25. Bc1 a5 26. Rd8+ Rxd8 27.
Qxd8+ Kh7 28. Qe7 a4 29. h4 Qe6 30. Bg5 Qb3 31. Kh2 b5 32. Qd7 Kg8 33. Qd8+ Kh7
34. Qd5 Qc4 35. Qxe5 Qe2 36. Qe7 Qc4 37. Be3 Qb3 38. Bd4 Qc4 39. e5 Qb3 40. e6
Qxe6 41. Qxe6 fxe6 42. Kg3 Kg8 43. f7+ Kxf7 44. Bxh8 Ke7 45. Kf4 1-0

[Event "Chernigov"]
[Site "Chernigov UKR"]
[Date "2005.01.30"]
[Round "10"]
[White "Savinov, Viktor"]
[Black "Samsonkin, Artiom"]
[Result "1/2-1/2"]
[WhiteElo "2482"]
[BlackElo "2251"]
[PlyCount "67"]
[EventDate "2005.01.22"]
[EventType "tourn"]
[EventRounds "15"]
[EventCountry "UKR"]
[EventCategory "3"]
[Source "Mark Crowther"]
[SourceDate "2005.02.07"]

1. e4 c5 2. Nf3 d6 3. d4 cxd4 4. Nxd4 Nf6 5. Nc3 a6 6. Be3 Ng4 7. Bg5 h6 8. Bh4
g5 9. Bg3 Bg7 10. Be2 h5 11. Bxg4 hxg4 12. O-O Nc6 13. Nf5 Bxf5 14. exf5 Bxc3
15. bxc3 Ne5 16. Bxe5 dxe5 17. Qxg4 Qd2 18. Rad1 Qf4 19. Qxf4 exf4 20. Rfe1 Rh6
21. Rd3 Rd8 22. Re5 Rb6 23. g3 fxg3 24. fxg3 f6 25. Re2 Rb2 26. Rde3 Rd7 27. a3
g4 28. c4 Rb1+ 29. Kg2 Rbd1 30. h4 gxh3+ 31. Kxh3 R1d4 32. Re6 Kf7 33. c5 Rc4
34. c6 1/2-1/2

[Event "Chernigov"]
[Site "Chernigov UKR"]
[Date "2005.01.30"]
[Round "11"]
[White "Samsonkin, Artiom"]
[Black "Krupko, Alexey"]
[Result "1-0"]
[WhiteElo "2251"]
[BlackElo "2178"]
[PlyCount "65"]
[EventDate "2005.01.22"]
[EventType "tourn"]
[EventRounds "15"]
[EventCountry "UKR"]
[EventCategory "3"]
[Source "Mark Crowther"]
[SourceDate "2005.02.07"]

1. e4 c5 2. Nf3 d6 3. d4 cxd4 4. Nxd4 Nf6 5. Nc3 e6 6. g4 Nc6 7. g5 Nd7 8. Be3
Nb6 9. Qe2 d5 10. O-O-O Nxd4 11. Bxd4 Qxg5+ 12. Kb1 Be7 13. Nb5 O-O 14. f3 Bf6
15. Rg1 Qf4 16. Rg4 Qh6 17. Be3 Qh5 18. f4 g6 19. Bc5 Rd8 20. e5 Bg7 21. Be7
Rd7 22. Bg5 h6 23. Rd3 hxg5 24. Rh3 Qxh3 25. Bxh3 gxf4 26. Nd6 Bh6 27. Ne8 Rd8
28. Nf6+ Kf8 29. Qf2 Nc4 30. Qh4 Bg7 31. Nh5 Bd7 32. Nxg7 Kxg7 33. Qf6+ 1-0

[Event "Chernigov"]
[Site "Chernigov UKR"]
[Date "2005.02.02"]
[Round "14"]
[White "Samsonkin, Artiom"]
[Black "Nosenko, Alexander"]
[Result "1/2-1/2"]
[WhiteElo "2251"]
[BlackElo "2509"]
[PlyCount "57"]
[EventDate "2005.01.22"]
[EventType "tourn"]
[EventRounds "15"]
[EventCountry "UKR"]
[EventCategory "3"]
[Source "Mark Crowther"]
[SourceDate "2005.02.07"]

1. e4 e6 2. d4 d5 3. Nc3 Bb4 4. e5 c5 5. Bd2 Ne7 6. Nb5 Bxd2+ 7. Qxd2 O-O 8. c3
f6 9. exf6 Rxf6 10. dxc5 Nd7 11. b4 b6 12. cxb6 Qxb6 13. Nf3 a6 14. Nbd4 e5 15.
Nb3 Bb7 16. Be2 Ng6 17. O-O Nf4 18. Na5 Nc5 19. Nxe5 Re8 20. Nac4 Ne4 21. Qxf4
Rxf4 22. Nxb6 Nxc3 23. Bf3 Rxe5 24. Rfc1 Ne2+ 25. Bxe2 Rxe2 26. Rc7 Rfxf2 27.
Rxb7 Rxg2+ 28. Kf1 Rxh2 29. Rc1 1/2-1/2

[Event "Chernigov"]
[Site "Chernigov UKR"]
[Date "2005.02.03"]
[Round "15"]
[White "Sushchikh, Alina"]
[Black "Samsonkin, Artiom"]
[Result "0-1"]
[WhiteElo "2320"]
[BlackElo "2251"]
[PlyCount "98"]
[EventDate "2005.01.22"]
[EventType "tourn"]
[EventRounds "15"]
[EventCountry "UKR"]
[EventCategory "3"]
[Source "Mark Crowther"]
[SourceDate "2005.02.07"]

1. d4 Nf6 2. c4 g6 3. Nc3 Bg7 4. e4 d6 5. Nf3 O-O 6. Be2 Na6 7. O-O c6 8. Re1
e5 9. Rb1 exd4 10. Nxd4 Nc5 11. Bf1 a5 12. f3 Nh5 13. Be3 Re8 14. a3 a4 15. Qd2
Qc7 16. Rbd1 Be5 17. g3 b6 18. Bg2 Ba6 19. Bf1 Ng7 20. Qg2 Nge6 21. Nc2 Bg7 22.
f4 Rad8 23. Be2 Bb7 24. Bf3 Ba6 25. Be2 Rd7 26. f5 Nf8 27. Bd4 Bxd4+ 28. Nxd4
Re5 29. Nf3 Re8 30. Nd4 Rdd8 31. fxg6 hxg6 32. e5 dxe5 33. Qxc6 Qxc6 34. Nxc6
Rxd1 35. Rxd1 Bb7 36. Nb4 f5 37. Nbd5 Re6 38. Nb5 Kf7 39. Nbc7 Rc6 40. Kf2 Nfe6
41. Nxe6 Kxe6 42. Ke3 g5 43. h4 f4+ 44. gxf4 gxf4+ 45. Kf3 Rc7 46. Kf2 Rg7 47.
Nxb6 Rg2+ 48. Kf1 f3 49. Bd3 e4 0-1

[Event "Serpukhov-D"]
[Site "Serpukhov RUS"]
[Date "2004.08.27"]
[Round "2"]
[White "Skovgaard, Peter"]
[Black "Samsonkin, Artiom"]
[Result "0-1"]
[WhiteElo "2130"]
[BlackElo "2201"]
[PlyCount "63"]
[EventDate "2004.08.26"]
[EventType "tourn"]
[EventRounds "13"]
[EventCountry "RUS"]
[Source "ChessBase"]
[SourceDate "2005.11.24"]

1. e4 c5 2. Nf3 Nc6 3. Nc3 d6 4. d4 cxd4 5. Nxd4 Nf6 6. Bc4 e6 7. O-O Be7 8.
Be3 O-O 9. Bb3 a6 10. a4 Qc7 11. f4 Bd7 12. f5 Nxd4 13. Bxd4 e5 14. Be3 Bc6 15.
Qf3 b5 16. g4 Qb7 17. Nd5 bxa4 18. Nxf6+ Bxf6 19. g5 Bxg5 20. Bxg5 axb3 21. f6
Bxe4 22. Qg3 bxc2 23. Bh6 Bg6 24. Bxg7 Qb6+ 25. Kh1 Qc6+ 26. Kg1 Qc5+ 27. Kg2
Qd5+ 28. Kh3 Rfb8 29. Ra3 Rxb2 30. Bh6 Qc6 31. Kh4 Rb4+ 32. Kg5 0-1

[Event "Serpukhov-D"]
[Site "Serpukhov RUS"]
[Date "2004.08.28"]
[Round "3"]
[White "Samsonkin, Artiom"]
[Black "Rakhmanov, Alexander"]
[Result "0-1"]
[WhiteElo "2201"]
[BlackElo "2170"]
[PlyCount "90"]
[EventDate "2004.08.26"]
[EventType "tourn"]
[EventRounds "13"]
[EventCountry "RUS"]
[Source "ChessBase"]
[SourceDate "2005.11.24"]

1. e4 d6 2. d4 Nf6 3. Nc3 g6 4. f4 Bg7 5. Nf3 O-O 6. Bd3 Na6 7. O-O c5 8. Bxa6
cxd4 9. Bd3 dxc3 10. bxc3 b6 11. Qe1 Bb7 12. a4 Qc7 13. Nd4 a6 14. Bb2 e5 15.
fxe5 dxe5 16. Nf3 Qc6 17. Nd2 Rfd8 18. Kh1 Nh5 19. Qf2 Nf4 20. Nc4 f5 21. Rfd1
Nxd3 22. cxd3 fxe4 23. Ba3 exd3 24. Nxb6 Rab8 25. a5 e4 26. Bc5 Bc8 27. Bd4 Bf5
28. Qe3 Bg4 29. Rf1 Be2 30. Rfc1 Rf8 31. h3 Rf5 32. Kg1 Re8 33. Re1 Qd6 34. Nc4
Bxd4 35. cxd4 Qf4 36. Rec1 Rd8 37. Qxf4 Rxf4 38. Ne3 Rxd4 39. Re1 Rf8 40. Rab1
Ra4 41. Nd5 Rxa5 42. Nc3 Rb5 43. Nxb5 axb5 44. Rxe2 dxe2 45. Re1 Rf1+ 0-1

[Event "Serpukhov-D"]
[Site "Serpukhov RUS"]
[Date "2004.08.29"]
[Round "4"]
[White "Paveliev, Alexey"]
[Black "Samsonkin, Artiom"]
[Result "1-0"]
[WhiteElo "2190"]
[BlackElo "2201"]
[PlyCount "95"]
[EventDate "2004.08.26"]
[EventType "tourn"]
[EventRounds "13"]
[EventCountry "RUS"]
[Source "ChessBase"]
[SourceDate "2005.11.24"]

1. e4 c5 2. Nf3 d6 3. d4 cxd4 4. Qxd4 a6 5. c4 Nf6 6. Nc3 g6 7. Qd2 Nbd7 8. Bd3
Bg7 9. O-O O-O 10. Re1 Qc7 11. Rb1 b6 12. b4 Bb7 13. Bb2 e6 14. h3 Ne5 15. Nxe5
dxe5 16. Qe3 Nd7 17. Rbc1 f5 18. c5 bxc5 19. Na4 fxe4 20. Bxe4 c4 21. Bxb7 Qxb7
22. Rxc4 Rac8 23. Rxc8 Rxc8 24. Qd2 Qb5 25. Nc3 Qc6 26. Ne4 Qd5 27. Rd1 Nb6 28.
Nc5 Qxd2 29. Rxd2 a5 30. Nxe6 Nc4 31. Rc2 axb4 32. Nxg7 Kxg7 33. Bxe5+ Kf7 34.
Bf4 Ke6 35. Bd2 Kd5 36. Bxb4 Rb8 37. a3 Ra8 38. f3 Ra4 39. Rc3 Kd4 40. Rb3 Ra8
41. Kf2 Ne5 42. Be7 Ra6 43. Rb4+ Kd5 44. Rb1 Re6 45. Bf8 h5 46. h4 Nd3+ 47. Kg3
Re2 48. Bg7 1-0

[Event "Serpukhov-D"]
[Site "Serpukhov RUS"]
[Date "2004.08.30"]
[Round "6"]
[White "Kravchenja, Anastasija"]
[Black "Samsonkin, Artiom"]
[Result "0-1"]
[WhiteElo "2124"]
[BlackElo "2201"]
[PlyCount "80"]
[EventDate "2004.08.26"]
[EventType "tourn"]
[EventRounds "13"]
[EventCountry "RUS"]
[Source "ChessBase"]
[SourceDate "2005.11.24"]

1. e4 c5 2. Nc3 e6 3. d3 d5 4. g3 Nf6 5. Bg2 Nc6 6. Nh3 dxe4 7. Nxe4 Nxe4 8.
Bxe4 e5 9. Bg2 Be6 10. Ng5 Bd5 11. O-O Bxg2 12. Kxg2 Be7 13. Qh5 g6 14. Qh6 Bf8
15. Qh4 h6 16. Nf3 Qxh4 17. gxh4 O-O-O 18. Bd2 Bg7 19. Bc3 f6 20. a4 Bf8 21.
Kh3 Bd6 22. Rg1 Rhg8 23. Bd2 Bf8 24. Bc3 Ne7 25. Rae1 Nd5 26. Bd2 Nc7 27. h5 g5
28. Nh4 c4 29. Rg3 cxd3 30. cxd3 Bc5 31. Nf5 Bxf2 32. Ne7+ Kd7 33. Nxg8 Rxg8
34. Rf1 Bxg3 35. hxg3 Ke6 36. g4 Rd8 37. Rf3 e4 38. Re3 Rxd3 39. Rxd3 exd3 40.
Kg3 f5 0-1

[Event "Serpukhov-D"]
[Site "Serpukhov RUS"]
[Date "2004.08.31"]
[Round "8"]
[White "Vorontsov, Nickolay"]
[Black "Samsonkin, Artiom"]
[Result "0-1"]
[WhiteElo "2366"]
[BlackElo "2201"]
[PlyCount "124"]
[EventDate "2004.08.26"]
[EventType "tourn"]
[EventRounds "13"]
[EventCountry "RUS"]
[Source "ChessBase"]
[SourceDate "2005.11.24"]

1. Nf3 Nf6 2. g3 b5 3. Bg2 Bb7 4. O-O e6 5. d3 d6 6. e4 Be7 7. Nc3 a6 8. h3 c5
9. Nh2 Nc6 10. f4 O-O 11. g4 Nd4 12. g5 Nd7 13. h4 f5 14. Rf2 Nb6 15. Ne2 e5
16. c3 Nxe2+ 17. Qxe2 Qc7 18. fxe5 fxe4 19. dxe4 Rxf2 20. Qxf2 Rf8 21. Qg3 d5
22. exd5 Bxd5 23. Bxd5+ Nxd5 24. Bd2 c4 25. Rf1 Bc5+ 26. Kg2 Rxf1 27. Kxf1 Qf7+
28. Qf3 Qxf3+ 29. Nxf3 Kf7 30. b3 Ke6 31. bxc4 bxc4 32. Ke2 Kf5 33. Nh2 Kxe5
34. Kf3 Kf5 35. Ng4 Bb6 36. Be1 Ba5 37. Ne3+ Nxe3 38. Kxe3 Bb6+ 39. Kf3 Bc7 40.
Bf2 Bf4 41. Bd4 g6 42. Bg7 Bd2 43. Ke2 Bc1 44. Kf3 Bf4 45. Bd4 h6 46. gxh6 Bxh6
47. Bh8 Bf8 48. Bd4 Be7 49. Bf2 Bf6 50. Be1 Bh8 51. Bd2 Bg7 52. Be1 Bf6 53. Ke3
Kg4 54. Ke4 Bxh4 55. Bd2 g5 56. Kd4 Kf3 57. Bxg5 Bxg5 58. Kxc4 Ke4 59. Kc5 Bd8
60. a4 Kd3 61. Kc6 Kxc3 62. a5 Kb4 0-1

[Event "Serpukhov-D"]
[Site "Serpukhov RUS"]
[Date "2004.09.01"]
[Round "9"]
[White "Samsonkin, Artiom"]
[Black "Avdeeva, Veronika"]
[Result "1-0"]
[WhiteElo "2201"]
[BlackElo "2148"]
[PlyCount "49"]
[EventDate "2004.08.26"]
[EventType "tourn"]
[EventRounds "13"]
[EventCountry "RUS"]
[Source "ChessBase"]
[SourceDate "2005.11.24"]

1. e4 c5 2. Nf3 d6 3. d4 cxd4 4. Nxd4 Nf6 5. Nc3 e6 6. Bg5 Be7 7. Qd2 Nc6 8.
O-O-O Nxd4 9. Qxd4 O-O 10. f4 Qa5 11. Bc4 a6 12. Bb3 b5 13. e5 dxe5 14. fxe5
Nd5 15. Bxe7 Nxe7 16. Qc5 Ng6 17. Ne4 Bb7 18. Nd6 Bxg2 19. Rhg1 Bf3 20. Rdf1
Bd5 21. Bxd5 exd5 22. Qxd5 Rad8 23. Rxf7 Rxf7 24. Qxf7+ Kh8 25. Qe6 1-0

[Event "Serpukhov-D"]
[Site "Serpukhov RUS"]
[Date "2004.09.01"]
[Round "10"]
[White "Cherenkova, Kristina"]
[Black "Samsonkin, Artiom"]
[Result "0-1"]
[WhiteElo "2226"]
[BlackElo "2201"]
[PlyCount "88"]
[EventDate "2004.08.26"]
[EventType "tourn"]
[EventRounds "13"]
[EventCountry "RUS"]
[Source "ChessBase"]
[SourceDate "2005.11.24"]

1. d4 Nf6 2. c4 g6 3. Nc3 Bg7 4. e4 d6 5. Nf3 O-O 6. Be2 e5 7. O-O exd4 8. Nxd4
Re8 9. f3 Nc6 10. Be3 Nh5 11. Nxc6 bxc6 12. Qd2 Qe7 13. Rfe1 f5 14. Bf1 Qf7 15.
Bd4 c5 16. Bxg7 Nxg7 17. Nd5 Bb7 18. Qc3 Bxd5 19. exd5 Rxe1 20. Rxe1 Re8 21. a3
Rxe1 22. Qxe1 Qf6 23. b4 Qd4+ 24. Qf2 Qc3 25. bxc5 Qxa3 26. c6 Ne8 27. Qe2 Kf8
28. Qe6 Qc5+ 29. Kh1 Qf2 30. Qe2 Qxe2 31. Bxe2 f4 32. g3 g5 33. Bd3 h6 34. gxf4
gxf4 35. Bg6 Ng7 36. Kg2 Ke7 37. Kh3 Kf6 38. Be4 Ke5 39. Bc2 Ne8 40. Ba4 Nf6
41. Kg2 Kd4 42. Bb5 a5 43. Kf2 Kc5 44. Ke2 Nxd5 0-1

[Event "Serpukhov-D"]
[Site "Serpukhov RUS"]
[Date "2004.09.02"]
[Round "12"]
[White "Samsonkin, Artiom"]
[Black "Perun, Sergey"]
[Result "1-0"]
[WhiteElo "2201"]
[BlackElo "2356"]
[PlyCount "51"]
[EventDate "2004.08.26"]
[EventType "tourn"]
[EventRounds "13"]
[EventCountry "RUS"]
[Source "ChessBase"]
[SourceDate "2005.11.24"]

1. e4 Nf6 2. e5 Nd5 3. d4 d6 4. Nf3 Nc6 5. Be2 Bg4 6. exd6 cxd6 7. O-O e6 8. h3
Bh5 9. c4 Nf6 10. d5 exd5 11. cxd5 Bxf3 12. Bxf3 Ne5 13. Be2 Be7 14. Qb3 Qc7
15. Nc3 O-O 16. Be3 Rfe8 17. Rac1 Qa5 18. Bd4 Nfd7 19. f4 Nc5 20. Qb5 Qxb5 21.
Bxb5 Ned3 22. Rcd1 Nxb2 23. Rd2 Rec8 24. Rxb2 a6 25. Be2 b5 26. Bg4 1-0

[Event "Serpukhov-D"]
[Site "Serpukhov RUS"]
[Date "2004.09.03"]
[Round "13"]
[White "Evstratov, Oleg"]
[Black "Samsonkin, Artiom"]
[Result "0-1"]
[WhiteElo "2215"]
[BlackElo "2201"]
[PlyCount "88"]
[EventDate "2004.08.26"]
[EventType "tourn"]
[EventRounds "13"]
[EventCountry "RUS"]
[Source "ChessBase"]
[SourceDate "2005.11.24"]

1. d4 Nf6 2. Bg5 d5 3. Nc3 Nbd7 4. Nf3 e6 5. e4 h6 6. Bxf6 Nxf6 7. Bd3 Bb4 8.
Qe2 c5 9. e5 Nd7 10. Qe3 Qa5 11. Kd2 Qb6 12. a3 cxd4 13. Nxd4 Bc5 14. Nce2 a5
15. Rab1 O-O 16. f4 f6 17. Rhf1 a4 18. c3 Bxd4 19. Nxd4 Nc5 20. Bc2 Bd7 21.
Rfe1 Rae8 22. Qg3 Re7 23. Qg6 f5 24. Bxf5 Rxf5 25. Nxf5 Ne4+ 26. Rxe4 Qf2+ 27.
Re2 Qxf4+ 28. Ne3 d4 29. cxd4 Qxd4+ 30. Qd3 Qxe5 31. Rc1 Re8 32. Nc4 Qg5+ 33.
Kc2 Bb5 34. Kb1 Rc8 35. Rec2 Qg4 36. h3 Qh4 37. Qd6 Qe4 38. Ka1 Bxc4 39. Qd7
Rc5 40. Qd8+ Kh7 41. Qb6 Qd5 42. g3 Rb5 43. Qe3 Rb3 44. Qf4 b5 0-1

[Event "WinTV op"]
[Site "Chennai IND"]
[Date "2004.01.21"]
[Round "1"]
[White "Samsonkin, Artiom"]
[Black "Murali Krishnan, BT."]
[Result "1-0"]
[WhiteElo "2203"]
[BlackElo "2319"]
[PlyCount "43"]
[EventDate "2004.01.21"]
[EventType "swiss"]
[EventRounds "13"]
[EventCountry "IND"]
[Source "Mark Crowther"]
[SourceDate "2004.02.09"]

1. e4 c5 2. Nf3 d6 3. d4 cxd4 4. Nxd4 Nf6 5. Nc3 g6 6. f4 Bg7 7. e5 dxe5 8.
fxe5 Ng4 9. Bb5+ Kf8 10. Ne6+ fxe6 11. Qxd8+ Kf7 12. O-O+ Nf6 13. Qd4 Nc6 14.
Bxc6 bxc6 15. Ne4 Ba6 16. exf6 Bxf1 17. fxg7 Rhg8 18. Ng5+ Ke8 19. Nxe6 Kf7 20.
Bh6 Kxe6 21. Re1+ Kf7 22. Qe4 1-0

[Event "WinTV op"]
[Site "Chennai IND"]
[Date "2004.01.22"]
[Round "2"]
[White "Sareen, Vishal"]
[Black "Samsonkin, Artiom"]
[Result "1/2-1/2"]
[WhiteElo "2371"]
[BlackElo "2203"]
[PlyCount "33"]
[EventDate "2004.01.21"]
[EventType "swiss"]
[EventRounds "13"]
[EventCountry "IND"]
[Source "Mark Crowther"]
[SourceDate "2004.02.09"]

1. e4 Nf6 2. e5 Nd5 3. d4 d6 4. Nf3 Bg4 5. Be2 e6 6. O-O Be7 7. c4 Nb6 8. Nc3
O-O 9. h3 Bh5 10. Be3 Nc6 11. exd6 cxd6 12. d5 Bxf3 13. Bxf3 Ne5 14. dxe6 fxe6
15. Bxb7 Rb8 16. Be4 Nbxc4 17. Bxa7 1/2-1/2

[Event "WinTV op"]
[Site "Chennai IND"]
[Date "2004.01.22"]
[Round "3"]
[White "Samsonkin, Artiom"]
[Black "Parikh, Valay"]
[Result "0-1"]
[WhiteElo "2203"]
[BlackElo "2374"]
[PlyCount "72"]
[EventDate "2004.01.21"]
[EventType "swiss"]
[EventRounds "13"]
[EventCountry "IND"]
[Source "Mark Crowther"]
[SourceDate "2004.02.09"]

1. e4 c6 2. d4 d5 3. Nc3 dxe4 4. Nxe4 Nd7 5. Bc4 Ngf6 6. Ng5 e6 7. Qe2 Nb6 8.
Bb3 h6 9. N5f3 a5 10. c3 c5 11. Be3 Qc7 12. Ne5 a4 13. Bc2 Nbd5 14. Qb5+ Bd7
15. Nxd7 Qxd7 16. Qxd7+ Nxd7 17. Ne2 a3 18. b3 cxd4 19. Bxd4 e5 20. Be3 Nxe3
21. fxe3 Bc5 22. Ng3 g6 23. Ke2 f5 24. Rad1 Nf6 25. h4 h5 26. e4 f4 27. Nf1 Ke7
28. Nh2 Rhc8 29. Bb1 Bd6 30. c4 Bb4 31. Nf3 Bc3 32. g3 fxg3 33. Rhg1 Rd8 34.
Rxg3 Rxd1 35. Kxd1 Ng4 36. Ke2 Bd4 0-1